| 000 | 00806nam a22002177a 4500 | ||
|---|---|---|---|
| 999 |
_c3340 _d3340 |
||
| 005 | 20231116083240.0 | ||
| 008 | 231116b ||||| |||| 00| 0 eng d | ||
| 020 | _a 9781382035224 | ||
| 040 | _cKH8 | ||
| 082 | _a372.6 MIS | ||
| 100 |
_a Miskin, Ruth, _eAuthor |
||
| 245 |
_aRead write Inc. Fresh start. Handbook / _cRuth Miskin |
||
| 260 |
_aOxford, _bOxford University Press, _c2017 |
||
| 300 |
_a 244 pages : _b illustrations ; _c30 cm |
||
| 440 | _a Read Write Inc. Fresh Start | ||
| 520 | _aRead Write Inc. Fresh Start rescues pupils aged 9 and above who are below age-related expectations, using a phonics-based approach. | ||
| 650 | _aJuvenile works | ||
| 650 |
_aLecture Méthode _vphonétique |
||
| 650 |
_aLiteracy Study and teaching (Elementary) _vActivity programs |
||
| 942 |
_2ddc _cTR |
||